000 00716cab a2200229 4500
001 ABS54589
008 090401t1996 xxu||||| |||| 00| 0 eng d
035 _a(Sirsi) u11234
041 _aeng
100 _aFraser, M.
245 _aClear guidance on obligations
260 _c1996
350 _a0
490 _aEstates Times
_v(1312) 16 February 1996, 6(1)
520 _aReports on the proposed revisions to DoE Circular 16/91 on planning obligations under s106 of the Town and Country Planning Act 1990.
650 _aDOE CIRCULAR 16 91
650 _aPLANNING OBLIGATIONS
650 _aTOWN AND COUNTRY PLANNING ACT 1990 S106
690 _aPLANNING LAW AND PRACTICE
942 _n0
948 _c04/03/1997
999 _c7147
_d7147